Cedulario indiano / (Record no. 42274)

MARC details
000 -LEADER
campo de control de longitud fija 00749nam a2200205 i 4500
001 - NÚMERO DE CONTROL
campo de control 42274
003 - IDENTIFICADOR DE NÚMERO DE CONTROL
campo de control ES-MaACL
005 - FECHA Y HORA DE LA ÚLTIMA TRANSACCIÓN
campo de control 20251003152032.0
007 - CAMPO FIJO DE DESCRIPCIÓN FÍSICA--INFORMACIÓN GENERAL
campo de control de longitud fija t|
008 - DATOS DE LONGITUD FIJA--INFORMACIÓN GENERAL
campo de control de longitud fija 030313m19451946sp ||||1| spa d
245 00 - MENCIÓN DEL TÍTULO
Título Cedulario indiano /
Mención de responsabilidad, etc. recopilado por Diego de Encinas ; estudio e índices por Alfonso García Gallo.
260 ## - PUBLICACIÓN, DISTRIBUCIÓN, ETC.
Lugar de publicación, distribución, etc. Madrid :
Nombre del editor, distribuidor, etc. Cultura Hispánica,
Fecha de publicación, distribución, etc. 1945-1946 (
Fabricante Gráf. Ultra)
300 ## - DESCRIPCIÓN FÍSICA
Extensión 4 v. ;
Dimensiones 33 cm.
534 ## - NOTA SOBRE LA VERSIÓN ORIGINAL
Frase introductoria Reprod. facsímil de la ed. única de:
Publicación, distribución, etc. del original Madrid : en la Imprenta Real, 1596.
650 #4 - PUNTO DE ACCESO ADICIONAL DE MATERIA--TÉRMINO DE MATERIA
Término de materia o nombre geográfico como elemento de entrada Derecho colonial-
Subdivisión geográfica América española
9 (RLIN) 11671
700 1# - ENTRADA AGREGADA--NOMBRE PERSONAL
Nombre de persona Encinas, Diego de.
9 (RLIN) 47180
700 1# - ENTRADA AGREGADA--NOMBRE PERSONAL
Nombre de persona García-Gallo, Alfonso,
Fechas asociadas al nombre 1911-1992
9 (RLIN) 54644
852 ## - LOCALIZACIÓN
Ubicación ES-MaACL
Número de control de estantería B-5904-08
Holdings
Estatus retirado Estado de pérdida Estado de daño No para préstamo Biblioteca de origen Biblioteca actual Ubicación en estantería Fecha de adquisición Fuente de adquisición Total de préstamos Signatura topográfica completa Código de barras Visto por última vez Precio de reemplazo Tipo de ítem Koha
        Biblioteca del Ateneo de Madrid Biblioteca del Ateneo de Madrid Sala Pardo Bazán 17/01/2008     B-5904-08 1044489 23/02/2023 23/02/2023 Libro impreso